00808 2200229 4500001002100000005001700021008004100038035002500079040001200104082001400116084001900130100001600149245017700165260005700342300004000399500004900439504002800488650001600516700001600532850001200548990001800560INLIS00000000000868020150807095357.0  a0010-081500000000118 aYOPDYOG 223a649.6 aSK 649.6 Ulf P aULFA Azizah aPerbedaan kesiapan toilet training pada toddler yang menggunakan popok sekali pakai dan tidak menggunakan popok sekali pakai di Kelurahan Pakuncen Yogyakartac/ Ulfa Azizah aYogyakartabUniversitas Gadjah Mada Yogyakartac2007 axiii, 50 lembar. : ilus.c; 29,5 cm aSkripsi Ilmu Keperawatan Fakultas Kedokteran aBibliografi: hlm. 48-50 aAnak Balita aSRI Hartini aYOPDYOG a47096-PD/A.15